Report Of The Finance Committee Acting Together With The Leadership Of The Committee On The Sellers Credit/Financing Agreement Between The Government Of The Republic Of Ghana And Poly Changda Overseas Engineering Company Limited Of The People's Republic Of China For An Aggregate Amount Of One Hundred Million United Sates Dollars (US$100,000,000.00) To Finance The Execution And Completion Of The Military Housing Project For The Ministry Of Defence (Record no. 5219)

MARC details
000 -LEADER
fixed length control field 00922nam a22001697a 4500
003 - CONTROL NUMBER IDENTIFIER
control field OSt
005 - DATE AND TIME OF LATEST TRANSACTION
control field 20250616120009.0
008 - FIXED-LENGTH DATA ELEMENTS--GENERAL INFORMATION
fixed length control field 250616b |||||||| |||| 00| 0 eng d
041 ## - LANGUAGE CODE
Language code of text/sound track or separate title English
082 ## - DEWEY DECIMAL CLASSIFICATION NUMBER
Classification number Acc. No. 11,065 CR/MHP/19
110 ## - MAIN ENTRY--CORPORATE NAME
Corporate name or jurisdiction name as entry element Finance Committee
245 ## - TITLE STATEMENT
Title Report Of The Finance Committee Acting Together With The Leadership Of The Committee On The Sellers Credit/Financing Agreement Between The Government Of The Republic Of Ghana And Poly Changda Overseas Engineering Company Limited Of The People's Republic Of China For An Aggregate Amount Of One Hundred Million United Sates Dollars (US$100,000,000.00) To Finance The Execution And Completion Of The Military Housing Project For The Ministry Of Defence
260 ## - PUBLICATION, DISTRIBUTION, ETC.
Place of publication, distribution, etc. Accra
Name of publisher, distributor, etc. Parliament Of Ghana
Date of publication, distribution, etc. March 2019
300 ## - PHYSICAL DESCRIPTION
Extent 8P
650 ## - SUBJECT ADDED ENTRY--TOPICAL TERM
Source of heading or term Execution And Completion Of The Military Housing Project For The Ministry Of Defence
942 ## - ADDED ENTRY ELEMENTS (KOHA)
Source of classification or shelving scheme Dewey Decimal Classification
Koha item type Committee Reports
Suppress in OPAC No
Holdings
Withdrawn status Lost status Source of classification or shelving scheme Damaged status Not for loan Home library Current library Shelving location Date acquired Total checkouts Full call number Date last seen Copy number Price effective from Koha item type
    Dewey Decimal Classification     Main Library Main Library Open Shelves 16/06/2025   Acc. No. 11,065 CR/MHP/19 16/06/2025 1 16/06/2025 Committee Reports
©2026  Parliament of Ghana Library - All rights reserved